000 00645nam a2200217 i 4500
001 104963
003 ES-MaACL
005 20230929062531.0
007 t|
008 060601s1941 sp ||||1| spa d
080 _a159.922.72
080 _a81'276.3-053.2
110 2 _aReal Academia Española
_96336
245 1 3 _aEl lenguaje en la escuela
_b: grado preparatorio.
260 _aMadrid :
_bReal Academia Española,
_c[1941]
300 _a174 p. :
_bil. ;
_c20 cm.
500 _aBiblioteca Jacinto Martínez Lacalle.
650 1 4 _aLenguaje-
_xAdquisición.
_914342
852 _aES-MaACL
_jE-11283
_bR.139025
999 _c104963
_d104963